| 000 | 00674nam a2200193 a 4500 | ||
|---|---|---|---|
| 008 | 160215s2011 ||||||||||||||||| || u | ||
| 020 | _a1872748694 | ||
| 050 | _aQH 431 Str | ||
| 100 | _aRead, Andrew | ||
| 245 | 1 | 0 |
_aHuman molecular genetics. (4th ed.) _cby Tom Strachan , Andrew Read |
| 250 | _a4th ed. | ||
| 260 |
_aNew York _bGarland Science _c2011 |
||
| 300 | _axxv, 781p.: ill. | ||
| 350 | _a0.00 | ||
| 650 | 0 | _aGENETICS | |
| 650 | _aHUMAN GENETICS | ||
| 700 | _aStrachan, Tom | ||
| 995 |
_aMEDICAL LIBRARY OPEN ACCESS _e903569 _FCBU-SCHOOL OF MEDICINE LIBRARY (Ndola) _I155.00 _jQH 431 Str _M1 _UAVAILABLE _WFeb 15, 2016 _y903569 _ZMedical Library Open Access Collection |
||
| 999 |
_c31732 _d31732 |
||